Concise international chemical assessment document (CICAD) 68: tetrachloroethene.
Uloženo v:
| Korporativní autor: | |
|---|---|
| Médium: | Kniha |
| Jazyk: | English |
| Vydáno: |
Geneva :
World Health Organization,
2006.
|
| Edice: | Concise international chemical assessment document 68.
|
| Témata: | |
| On-line přístup: | Download Full Text. |
| Tagy: |
Přidat tag
Žádné tagy, Buďte první, kdo otaguje tento záznam!
|
| LEADER | 01465nam a22003497a 4500 | ||
|---|---|---|---|
| 003 | OSt | ||
| 005 | 20220906184639.0 | ||
| 008 | 140904b xxu||||| |||| 00| 0 eng d | ||
| 020 | |a 9241530685 | ||
| 020 | |a 9789241530682 | ||
| 022 | |a 1020-6167 | ||
| 060 | |a QV 633 | ||
| 110 | |a World Health Organization, Geneva. |9 2360 | ||
| 245 | |a Concise international chemical assessment document (CICAD) 68: tetrachloroethene. | ||
| 260 | |a Geneva : |b World Health Organization, |c 2006. | ||
| 300 | |a 115p. |c 30cm. | ||
| 440 | |a Concise international chemical assessment document 68. |9 2466 | ||
| 500 | |a International Programme on Chemical Safety (IPCS). | ||
| 650 | |a Tetrachloroethylene - adverse effects |9 2459 | ||
| 650 | |a Tetrachloroethylene - toxicity |9 2461 | ||
| 650 | |a Environmental exposure |9 2359 | ||
| 650 | |a Risk assessment |9 969 | ||
| 650 | |a Watts, Peter |9 2467 | ||
| 650 | |a Sheffer, Marla |9 2468 | ||
| 650 | |a International Programme on Chemical Safety |9 2364 | ||
| 650 | |a World Health Organization |9 9 | ||
| 650 | |a Series |9 2359 | ||
| 856 | |u www.who.int/ipcs/publications/cicad/cicad68.pdf |y Download Full Text. | ||
| 942 | |2 NLM |c WHO | ||
| 952 | |0 0 |1 0 |2 NLM |4 0 |6 QV_633_000000000000000_WHO_2006 |7 0 |9 2068 |a NHRC |b NHRC |d 2014-09-05 |l 0 |o QV 633/WHO/2006 |p 001218 |r 2014-09-05 |w 2014-09-05 |y WHO | ||
| 952 | |0 0 |1 0 |2 NLM |4 0 |6 QV_633_000000000000000_WHO_2006 |7 0 |9 2069 |a NHRC |b NHRC |d 2014-09-05 |l 0 |o QV 633/WHO/2006 |p 001228 |r 2014-09-05 |w 2014-09-05 |y WHO | ||
| 999 | |c 1996 |d 1996 | ||